Метод краевых источников в теории дифракции электромагнитных волн

التفاصيل البيبلوغرافية
المؤلف الرئيسي: Саутбеков С. С. Сейл Сейтенович
اللغة:الروسية
منشور في: Алматы, Fылым, 2001
الموضوعات:
التنسيق: كتاب
KOHA link:https://koha.lib.tpu.ru/cgi-bin/koha/opac-detail.pl?biblionumber=29899

MARC

LEADER 00000nam0a2200000 4500
001 29899
005 20231030203707.0
010 |a 996555966X 
035 |a (RuTPU)RU\TPU\book\30165 
035 |a BOOK00030241 
090 |a 29899 
100 |a 20011209d2001 k y0rusy50 ca 
101 0 |a rus 
102 |a KZ 
105 |a  z 001zy 
200 1 |a Метод краевых источников в теории дифракции электромагнитных волн  |f С. С. Саутбеков 
210 |a Алматы  |c Fылым  |d 2001 
215 |a 178 с. 
320 |a Библиогр.: с. 160-175. 
610 1 |a физика 
610 1 |a краевые задачи 
610 1 |a электромагнитные волны 
610 1 |a дифракция 
610 1 |a обобщенные функции 
610 1 |a уравнения Максвелла 
675 |a 537.87  |v 3 
700 1 |a Саутбеков  |b С. С.  |g Сейл Сейтенович 
801 0 |a KZ  |b 63413507  |c 20011209  |g PSBO 
801 2 |a RU  |b 63413507  |c 20061022  |g PSBO 
942 |c BK